UBT Library

Lend me your ears : (Record no. 38994)

000 -LEADER
fixed length control field 00688cam a2200217 a 4500
001 - CONTROL NUMBER
control field 4472870
005 - DATE AND TIME OF LATEST TRANSACTION
control field 20171215045122.0
008 - FIXED-LENGTH DATA ELEMENTS--GENERAL INFORMATION
fixed length control field 960912r1997 nyu 001 0 eng
010 ## - LIBRARY OF CONGRESS CONTROL NUMBER
LC control number 96043423
020 ## - INTERNATIONAL STANDARD BOOK NUMBER
International Standard Book Number 0393040054
040 ## - CATALOGING SOURCE
Original cataloging agency DLC
Transcribing agency DLC
Modifying agency DLC
041 ## - LANGUAGE CODE
Language code of text/sound track or separate title eng
080 ## - UNIVERSAL DECIMAL CLASSIFICATION NUMBER
Universal Decimal Classification number 808.85
082 00 - DEWEY DECIMAL CLASSIFICATION NUMBER
Classification number 808.85 SAF
Edition number 20
100 ## - Rafti
Rafti 17
101 ## - Shkurtesa
Shkurtesa HIS
245 00 - TITLE STATEMENT
Title Lend me your ears :
Statement of responsibility, etc selected and introduced by William Safire.
906 ## - LOCAL DATA ELEMENT F, LDF (RLIN)
a 7
b cbc
c orignew
d 1
e ocip
f 19
g y-gencatlg
942 ## - ADDED ENTRY ELEMENTS (KOHA)
Source of classification or shelving scheme
Item type Books
Holdings
Withdrawn status Lost status Source of classification or shelving scheme Damaged status Not for loan Collection code Permanent location Current location Shelving location Date acquired Total Checkouts Full call number Barcode Date last seen Price effective from Koha item type
          Koleksioni i përgjithshem UBT - Lipjan UBT - Lipjan Koleksioni i përgjithshem 12/15/2017   808.85 SAF 002-2939600 12/15/2017 12/15/2017 Books
UBT Library © 2015-2024. All rights reserved University Education for Business and Technology